000 00406nam a2200181Ia 4500
001 24546
005 20260414151051.0
008 260414t2008||||xx |||||||||||||| ||spa||
041 _aESP
082 _a345.72
_bT22
100 _aTaruffo, Michele
_eAUT
245 0 _aLa prueba
_b
260 _c2008
300 _a324 páginas :
_c23 cm.
650 _aDER
654 _aCDE
942 _cLIB
_dJUS
_fJUS
_2ddc
_n
999 _c24546
_d24546